000 00345nam a22001457a 4500
008 221014b ||||| |||| 00| 0 eng d
020 _a9780030307331
041 _aeng
080 _2NINTH EDITION
_a334.7
082 _a334.7
100 _a25.1
101 _aFINANC
245 _aESSENTIAL OF MANAGERIAL FINANCE
_cWESTON F.J
942 _2udc
_cBK
999 _c58572
_d58572